01387 a2200229 4500003000500000005001700005010001600022020001500038040000900053082001500062100002500077245008600102260003500188300003100223490006100254505061500315650003800930700003400968942001201002999001901014952012401033Nust20221103183521.0 a 72109255 a0070629234 cNust00a621.38,TAU1 aHerbert Taub910235910aPrinciples of communication systemsc[by] Herbert Taub [and] Donald L. Schilling. aNew York,bMcGraw-Hillc[1971] axx, 514 p.billus.c23 cm.0 aMcGraw-Hill electrical and electronic engineering series aSpectral Analysis (Page-1), Random Variables and Processes (Page-43), Amplitude Modulation Systems (Page-81), Frequency Modulation Systems (Page-113), Pulse Modulation Systems (Page-157), Pulse Code Modulation (Page-196), Mathematical Representation of Noise (Page-235), Noise in Amplitude Modulation on Systems (Page-268), Noise in Frequency Modulation Systems (Page-295), Threshold in Frequency Modulation (Page-320), Data Transmission (Page-365), Noise in Pulse-Code and Delta Modulation Systems (Page-391), Information Theory and Coding (Page-413), Communication System and Noise Calculations (Page-470).  0aTelecommunication systems.9218431 aSchilling, Donald L.,9102360 2ddccBK c189096d189096 00102ddc4070aMCSbMCScGENd2016-12-12o621.38,TAUpMCS34841r2016-12-08w2016-12-12yBKzAlmirah No.30, Shelf No.1